| 000 | 01165nam a2200313 i 4500 | ||
|---|---|---|---|
| 003 | EG-GICUC | ||
| 005 | 20260121101355.0 | ||
| 008 | 251128s2006 ua ||||fr|||| 00| 0 ara d | ||
| 040 |
_a EG-GICUC _bara _c EG-GICUC _d EG-GICUC _erda |
||
| 041 | 0 | _aara | |
| 082 | 0 | 4 |
_221 _a343.431 _bر ف . أ |
| 092 | 0 | 4 | _221 |
| 099 | _aLaw1 10 343.431 ر ف . أ 1 ed - 2006 | ||
| 100 | 0 |
_aرفعت رشوان _eمؤلف. |
|
| 245 | 1 | 2 |
_aالإرهاب البيئي في قانون العقوبات : _b "دراسة تحليلية نقدية" / _cرفعت رشوان. |
| 250 | _aالطبعة الأولى | ||
| 264 | 1 |
_aالقاهرة : _bدار النهضة العربية، _c2006. |
|
| 300 |
_a161 صفحة ؛ _c24 سم. |
||
| 336 |
_2rda content _atext |
||
| 337 |
_2rda media _aComputer |
||
| 338 |
_2rda carrier _aOnline Resource |
||
| 504 | _a. 143-158 ببليوجرافيا: صفحات | ||
| 546 | _aالنص باللغة العربية | ||
| 650 | 1 | 4 | _aالتشريع الخاص بالإرهاب |
| 650 | 1 | 4 | _aالقانون الجنائي |
| 856 | 4 | 0 | _uhttps://fll.law.cu.edu.eg/fulltext/bks/B10-06291.pdf |
| 905 |
_a77 _eHassnaa |
||
| 942 |
_2ddc _cBK _e21 _n0 |
||
| 999 |
_c46675 _d46675 |
||